| 000 | 01104nam a2200325 i 4500 | ||
|---|---|---|---|
| 001 | 17776 | ||
| 003 | ES-MaACL | ||
| 005 | 20250826082716.0 | ||
| 007 | t| | ||
| 008 | 010524s1978 fr ||||1| spa d | ||
| 020 | _a84-85361-06-7 | ||
| 080 | _a329.285(460) | ||
| 080 | _a331.105.44(460) | ||
| 080 | _a929 García Oliver, JUan | ||
| 100 | 1 |
_aGarcía Oliver, Juan. _955045 |
|
| 245 | 1 | 3 |
_aEl eco de los pasos _b: el anarcosindicalismo... / _cJuan García Oliver. |
| 260 |
_aParis : _bRuedo Ibérico, _c[1978] ( _eBarcelona : _fPrinter) |
||
| 300 |
_a649 p. ; _c25 cm. |
||
| 490 | 1 | _aLuchas de ayer, memorias de hoy | |
| 490 | 1 | _aMemorias Ruedo Ibérico | |
| 600 | 1 | 4 |
_aGarcía Oliver, Juan. _955045 |
| 610 | 2 | 4 |
_aConfederación Nacional del Trabajo (España) _93165 |
| 650 | 1 | 4 |
_aAnarcosindicalismo- _zEspaña. _99779 |
| 710 | 2 |
_aÉditions Ruedo ibérico. _9145333 |
|
| 830 | 1 |
_aLuchas de ayer, memorias de hoy _9228742 |
|
| 830 | 1 |
_aMemorias Ruedo Ibérico _9228743 |
|
| 852 |
_aES-MaACL _jAND-29 _z- Biblioteca Juan Andrade |
||
| 852 |
_aES-MaACL _jL-3294 |
||
| 999 |
_c17776 _d17776 |
||